| 000 | 00620nam a22002057a 4500 | ||
|---|---|---|---|
| 005 | 20220512114245.0 | ||
| 008 | 220512b ||||| |||| 00| 0 eng d | ||
| 020 | _a8170500362 | ||
| 040 | _cAL | ||
| 041 | _aEnglish | ||
| 082 |
_223 _a947.086 _bGORP |
||
| 100 |
_aMikhail S Gorbachev _936339 |
||
| 245 | _aPeace has no alternative:speeches Articles Interviews | ||
| 260 |
_aNew Delhi _bPatriot Publishers _c1986 |
||
| 300 |
_axix,640 p. _bPB _c21x14 xm. |
||
| 365 |
_c₹ _d₹70.00 |
||
| 650 |
_aSoviet union-politics and government 1975-1985 _936340 |
||
| 700 |
_aGORBACHEV (Mikhail S) _936341 |
||
| 942 |
_2ddc _cGF |
||
| 999 |
_c222893 _d222893 |
||